A stairway to homeownership (Record no. 76653)

MARC details
000 -LEADER
fixed length control field 01331cab a2200229 4500
001 - CONTROL NUMBER
control field ##L132840
008 - FIXED-LENGTH DATA ELEMENTS--GENERAL INFORMATION
fixed length control field 060313n2006 000 0 eng u
035 ## - SYSTEM CONTROL NUMBER
System control number (Sirsi) u132840
041 0# - LANGUAGE CODE
Language code of text/sound track or separate title eng
100 1# - MAIN ENTRY--PERSONAL NAME
Personal name Driscoll, James
245 02 - TITLE STATEMENT
Title A stairway to homeownership
260 ## - PUBLICATION, DISTRIBUTION, ETC.
Date of publication, distribution, etc. 2006
490 #0 - SERIES STATEMENT
Series statement Estates Gazette
Volume/sequential designation (0609) 4 March 2006, 175-176(2)
520 ## - SUMMARY, ETC.
Summary, etc. Describes the advantages of the co-ownership or shared ownership trust model as a means by which those on low incomes can buy a stake in their home. Whereas the statutory restriction on the leasing of residential commonhold units such as flats and houses has acted as a disincentive to using commonhold, the new co-ownership model developed by Trowers and Hamlins is an effective alternative to the shared-ownership lease and obviates the use of long leases in a commonhold. Explains how co-ownership trusts can deliver low-cost homeownership and how the equity is shared. Outlines the legal arrangements of the shared ownership trust and the advantages of this new model.
590 ## - LOCAL NOTE (RLIN)
Local note IKA140306
650 24 - SUBJECT ADDED ENTRY--TOPICAL TERM
Topical term or geographic name entry element COMMONHOLD AND LEASEHOLD REFORM ACT 2002 PART I
650 24 - SUBJECT ADDED ENTRY--TOPICAL TERM
Topical term or geographic name entry element COMMONHOLD REGULATIONS 2004
650 24 - SUBJECT ADDED ENTRY--TOPICAL TERM
Topical term or geographic name entry element TRUSTS OF LAND AND APPOINTMENT OF TRUSTEES ACT 1996
690 ## - LOCAL SUBJECT ADDED ENTRY--TOPICAL TERM (OCLC, RLIN)
Topical term or geographic name as entry element PROPERTY-COMMONHOLD PROPERTY
700 1# - ADDED ENTRY--PERSONAL NAME
Personal name Target, Laurence
942 ## - ADDED ENTRY ELEMENTS (KOHA)
Suppress in OPAC 0
Holdings
Withdrawn status Lost status Source of classification or shelving scheme Damaged status Not for loan Home library Current library Shelving location Date acquired Total Checkouts Full call number Barcode Date last seen Copy number Price effective from Koha item type
    Dewey Decimal Classification     London London Journal article 13/03/2006   L132840 132840-1001 06/08/2019 1 06/08/2019 Journal article